| 000 | 00552nam a2200193 a 4500 | ||
|---|---|---|---|
| 001 | 6149 | ||
| 003 | CO-ViMGA | ||
| 008 | 141112s2004 ck r 000 u spa d | ||
| 040 |
_aCO-ViMGA _bspa _cCO-ViMGA |
||
| 082 | 0 | 4 | _a370.152 E777 |
| 245 | 1 | 0 |
_aEstrategias de enseñanza y aprendizaje : _bformación del profesorado y aplicación en el aula / _cMoreneo C. y otros |
| 250 | _a3a | ||
| 260 |
_aBarcelona : _bGraó, _c1997 |
||
| 300 | _a192 p | ||
| 490 | _aPedagogía, 112 | ||
| 650 | 1 | 4 | _aAPRENDIZAJE |
| 650 | 1 | 4 |
_aENSEÑANZA _94443 |
| 942 |
_2ddc _cBK |
||
| 999 |
_c18123 _d18123 |
||